المطالبات والخلافات في عقود المقاولات / (رقم التسجيلة. 82653)

تفاصيل مارك
000 -LEADER
fixed length control field 00712nam a22001937a 4500
005 - DATE AND TIME OF LATEST TRANSACTION
control field 20251108172549.0
008 - FIXED-LENGTH DATA ELEMENTS--GENERAL INFORMATION
fixed length control field 250721s1989 xx 000 0 ara d
082 14 - DEWEY DECIMAL CLASSIFICATION NUMBER
Classification number 346.02/خلف
100 1# - MAIN ENTRY--PERSONAL NAME
Personal name خلف، داود شحادة
245 10 - TITLE STATEMENT
Title المطالبات والخلافات في عقود المقاولات /
264 1# - PRODUCTION, PUBLICATION, DISTRIBUTION, MANUFACTURE, AND COPYRIGHT NOTICE
Place of production, publication, distribution, manufacture عمان :
Name of producer, publisher, distributor, manufacturer جمعية المطابع التعاونية،
Date of production, publication, distribution, manufacture, or copyright notice 1989.
300 ## - PHYSICAL DESCRIPTION
Extent 102 ص.
500 ## - GENERAL NOTE
General note كتاب أبو علندا الذي يحمل رقم باركود pld00072232 له رقم متسلسل هو 216 ولكنه مكرر.
650 17 - SUBJECT ADDED ENTRY--TOPICAL TERM
Topical term or geographic name as entry element القانون الخاص
650 17 - SUBJECT ADDED ENTRY--TOPICAL TERM
Topical term or geographic name as entry element العقود
650 17 - SUBJECT ADDED ENTRY--TOPICAL TERM
Topical term or geographic name as entry element العمل بعقود
942 ## - ADDED ENTRY ELEMENTS (KOHA)
Source of classification or shelving scheme Dewey Decimal Classification
Koha item type كتب
المقتنيات
حالة السحب حالة الفقدان مصدر التصنيف حالة التلف غير قابل للإعارة المكتبة الرئيسية المكتبة الحالية موقع الرف تاريخ التزويد الرقم المتسلسل Total Checkouts رقم الإستدعاء تاريخ آخر ظهور تاريخ الفاتورة نوع المادة (كوها) الباركود
    Dewey Decimal Classification Unchecked   المكتبة المركزية المكتبة المركزية الإعارة 28/07/2025 11259   346.02/خلف 28/07/2025 28/07/2025 كتب  
    Dewey Decimal Classification     مكتبة أبو علندا العامة مكتبة أبو علندا العامة الإعارة 08/02/2009     346.02/خلف 28/07/2025 08/02/2009 كتب PLD00072232
Implemented & Customized by: BBB with SCIT (Smart Chains for Information Technology)

Powered by Koha